| 000 | 01027cam a2200241 4500 | ||
|---|---|---|---|
| 001 | WB3804-19 | ||
| 008 | 020130n2002 000 0 eng u | ||
| 035 | _a(Sirsi) u116550 | ||
| 245 | _aBrownfield projects hit brick wall | ||
| 260 | _c2002 | ||
| 490 |
_aRegeneration and Renewal _v25 January 2002, 5(1) |
||
| 520 | _aResearch by RICS warns that the slowness of regional development agencies (RDAs) to implement replacements for the Partnership Investment Programme (PIP) will undermine government plans for regeneration of brownfield land. The RICS report recommends that the DTLR negotiates a new Europe-wide regeneration framework allowing individual member states the freedom to fund private sector initiatives. | ||
| 590 | _aWB | ||
| 650 | _aBROWNFIELD LAND | ||
| 650 | _aREGIONAL DEVELOPMENT AGENCIES | ||
| 650 | _aRDAS | ||
| 650 | _aRICS | ||
| 650 | _aPARTNERSHIP INVESTMENT PROGRAMME | ||
| 650 | _aEUROPEAN COMMISSION | ||
| 650 | _aBROWNFIELD INVESTMENT GRANT | ||
| 690 | _aREGENERATION | ||
| 942 | _n0 | ||
| 999 |
_c69405 _d69405 |
||